000 00799nas a2200277 4500
001 BR0702098
003 BR-BrBNA
005 20231205110727.0
007 ta
008 230509b bl.|||p| |||| 00| 00por d
040 _aBR-BrBNA
_bpor
_cBiblioteca Nacional de Agricultura
041 _a(Pt)
072 _aF30
100 1 _aCarpentieri-Pipolo, V.
100 1 _aSouza, A. de
100 1 _aAlmeida, L.A. de
100 1 _aKiihl, R.A. de S.
100 1 _aPipolo, A.E.
245 1 _aHerança de hilo esparramado em sementes de soja
650 _aSOJA
650 _aSEMENTE
650 _aPIGMENTAÇÃO
773 0 _tPesquisa Agropecuaria Brasileira (Brazil)
_xISSN 0100-204X
_g(Jan 2007), v. 42(1) p. 127-129
_wBR0702098
909 _a202311
_bLúcia
_c55
_dLúcia Elande
942 _2AGRIS
_n0
_cANA
999 _c188765
_d188765